| 000 -LEADER |
| fixed length control field |
00720nam a22002297a 4500 |
| 003 - CONTROL NUMBER IDENTIFIER |
| control field |
OSt |
| 005 - DATE AND TIME OF LATEST TRANSACTION |
| control field |
20191029062536.0 |
| 008 - FIXED-LENGTH DATA ELEMENTS--GENERAL INFORMATION |
| fixed length control field |
180321b xxu||||| |||| 00| 0 spa d |
| 020 ## - INTERNATIONAL STANDARD BOOK NUMBER |
| International Standard Book Number |
9505722540 |
| 040 ## - CATALOGING SOURCE |
| Transcribing agency |
PJ |
| 245 10 - TITLE STATEMENT |
| Title |
Normativa del mercado de capitales en la Argentina / |
| Statement of responsibility, etc |
compilado por Roberto A. Bianchi. |
| 250 ## - EDITION STATEMENT |
| Edition statement |
2a. ed. |
| 260 ## - PUBLICATION, DISTRIBUTION, ETC. (IMPRINT) |
| Place of publication, distribution, etc |
Buenos Aires : |
| Name of publisher, distributor, etc |
Zavalía, |
| Date of publication, distribution, etc |
1993. |
| 300 ## - PHYSICAL DESCRIPTION |
| Extent |
779 p. |
| Dimensions |
20 cm. |
| 500 ## - GENERAL NOTE |
| General note |
Notas al pie de página. |
| 504 ## - BIBLIOGRAPHY, ETC. NOTE |
| Bibliography, etc |
Bibliografía: p. 363-370. |
| 650 #0 - SUBJECT ADDED ENTRY--TOPICAL TERM |
| 9 (RLIN) |
292 |
| Topical term or geographic name as entry element |
ECONOMIA Y FINANZAS |
| 650 #0 - SUBJECT ADDED ENTRY--TOPICAL TERM |
| Topical term or geographic name as entry element |
SISTEMA FINANCIERO |
| 9 (RLIN) |
298 |
| 650 #0 - SUBJECT ADDED ENTRY--TOPICAL TERM |
| Topical term or geographic name as entry element |
MERCADO DE CAPITALES |
| 9 (RLIN) |
293 |
| 700 ## - ADDED ENTRY--PERSONAL NAME |
| Personal name |
Bianchi, Roberto Américo |
| Función |
compilador |
| 9 (RLIN) |
291 |
| 942 ## - ADDED ENTRY ELEMENTS (KOHA) |
| Source of classification or shelving scheme |
|
| Koha item type |
Libros |
| Classification part |
336.73 |
| Item part |
NOR |